As Ministers of Christ (Record no. 9784)

MARC details
000 -LEADER
fixed length control field 00687nam a2200253 a 4500
020 ## - INTERNATIONAL STANDARD BOOK NUMBER
ISBN 0809106
082 00 - DEWEY DECIMAL CLASSIFICATION NUMBER
Classification number 262.1
Author Cutter FOR
100 ## - MAIN ENTRY--AUTHOR NAME
Author name Forestell, J T
245 ## - TITLE STATEMENT
Title As Ministers of Christ
Sub title the Christological Dimension of Ministry in the NT
260 ## - PUBLICATION, DISTRIBUTION, ETC. (IMPRINT)
Place of publication New York
Name of publisher Paulist Press
Year of publication 1991
300 ## - PHYSICAL DESCRIPTION
Number of Pages 199p
500 ## - GENERAL NOTE
General note includes index and biblioraphy
505 2# - FORMATTED CONTENTS NOTE
Formatted contents note Index
650 ## - SUBJECT ADDED ENTRY--TOPICAL TERM
Topical Term Jesus Christ-Person and Offices
650 ## - SUBJECT ADDED ENTRY--TOPICAL TERM
Topical Term Catholic Church-Clergy
942 ## - ADDED ENTRY ELEMENTS (KOHA)
Koha item type Books
700 1# -
-- Forestell, J T
Holdings
Collection code Home library Current library Date acquired Cost, normal purchase price Full call number Accession Number Koha item type
  Henry Martyn Institute Library Henry Martyn Institute Library 07/11/2007 367.50 262.1 FOR 015138 Books
                   Copyright © 2026 | Henry Martyn Institute | Hyderabad | TS-500052 | INDIA | Implemented by hmi.edu.in
Hit-Count:

Powered by Koha